Biología 2º medio: texto del estudiante
Wedi'i Gadw mewn:
| Prif Awduron: | , , , |
|---|---|
| Awdur Corfforaethol: | |
| Fformat: | Llyfr |
| Iaith: | Sbaeneg |
| Cyhoeddwyd: |
Santiago
Ediciones SM
2011
|
| Rhifyn: | 1a. ed |
| Pynciau: | |
| Tagiau: |
Ychwanegu Tag
Dim Tagiau, Byddwch y cyntaf i dagio'r cofnod hwn!
|
MARC
| LEADER | 00000cam a2200000 a 4500 | ||
|---|---|---|---|
| 001 | UCE6874 | ||
| 003 | CL-VaPUC | ||
| 008 | 150507e20111100cl |||||||||||||||||spa|d | ||
| 020 | |a 9789562649735 | ||
| 082 | 0 | 4 | |a 570.712 |b ALV |2 21 |
| 100 | 0 | |a Alvarado López, Jorge |e author |9 579516 | |
| 700 | 0 | |a Bustos Villagrán, Manuel |e author |9 579517 | |
| 700 | 0 | |a Cortés Cortés, Manuel |e author |9 579518 | |
| 700 | 0 | |a Santibáñez Gómez, David |e author |9 579519 | |
| 110 | 2 | |a Ministerio de Educación |e author |9 579520 | |
| 245 | 1 | 0 | |a Biología 2º medio: texto del estudiante |
| 250 | |a 1a. ed | ||
| 300 | |a 224 p | ||
| 942 | |c BK | ||
| 945 | |d 20150507 00:22:00 |a arojas | ||
| 260 | |a Santiago |b Ediciones SM |c 2011 | ||
| 500 | |a Edición especial para el Ministerio de Educación | ||
| 650 | 0 | |a Enseñanza de la biología |9 338701 | |
| 650 | 7 | |a CIENCIAS BIOLOGICAS |2 CL-VaPUC |9 579521 | |
| 650 | 0 | |a Métodos de enseñanza |9 270413 | |
| 650 | 0 | |a Libros de texto |9 270019 | |
| 583 | |a last modification |c 20150507 00:22:00 |k Rodrigo Vera | ||
| 999 | |c 359053 |d 359051 | ||
| 952 | |0 0 |1 0 |3 erb |4 0 |6 570_712000000000000_ALV_2011 |7 0 |8 A |9 468071 |a BIBEDU |b BIBEDU |i 5148642 |o 570.712 ALV 2011 |p 5148642 |r 2019-11-23 |w 2019-11-23 |y BK |z Catalogado en:20150507 |k EPE | ||